Quimica: Metalurgia / N. F. (Nuffield Foundation) (Registro nro. 19024)
[ vista simple ]
| 000 -LÍDER | |
|---|---|
| fixed length control field | 00441nam a2200145 4500 |
| 008 - ELEMENTOS DE LONGITUD FIJA -- INFORMACIÓN GENERAL | |
| fixed length control field | 0 1975 0a 000 0ESP |
| 020 ## - NÚMERO INTERNACIONAL NORMALIZADO PARA LIBROS | |
| ISBN | 84-291-7543-1 |
| 082 ## - NUMERO DE CLASIFICACION DECIMAL DEWEY | |
| Número de Clasificación | 660.207 8 N469q |
| 100 ## - ASIENTO PRINCIPAL--NOMBRE PERSONAL | |
| Nombre personal | N. F. (Nuffield Foundation) |
| 110 ## - ASIENTO PRINCIPAL--NOMBRE CORPORATIVO | |
| Nombre corporativo o de jurisdicción como elemento de entrada | N. F. (Nuffield Foundation) |
| 245 ## - TÍTULO | |
| Título | Quimica: Metalurgia / N. F. (Nuffield Foundation) |
| 260 ## - PUBLICACIÓN, DISTRIBUCIÓN, ETC. (PIE DE IMPRENTA) | |
| Lugar de publicación, distribución, etc. | Barcelona : Reverte |
| 300 ## - DESCRIPCIÓN FÍSICA | |
| Extensión | ix, 180 p. / 22 cm. |
| 650 ## - ASIENTO SECUNDARIO DE MATERIA - TERMINO TEMÁTICO | |
| Término temático o nombre geográfico como elemento de entrada | 1.QUE ES LA METALURGIA |
| No. biblioteca | No. biblioteca | Número de clasificación | Código de barras/Número de adquisición | Número de copia | Tipo de material |
|---|---|---|---|---|---|
| LUIS G. INCLAN | LUIS G. INCLAN | 660.207 8 N469q | 25894 | 2 | Libros |
| LUIS G. INCLAN | LUIS G. INCLAN | 660.207 8 N469q | 25893 | 1 | Libros |
